Normal view
MARC view
Entry Geographic Name
001 - CONTROL NUMBER
- control field: 44380
003 - CONTROL NUMBER IDENTIFIER
- control field: ARRUPE
005 - DATE AND TIME OF LATEST TRANSACTION
- control field: 20190205111101.0
008 - FIXED-LENGTH DATA ELEMENTS
- fixed length control field: 190205|| aca||aabn | a|a d
040 ## - CATALOGING SOURCE
- Original cataloging agency: ARRUPE
- Transcribing agency: ARRUPE
151 ## - HEADING--GEOGRAPHIC NAME
- Geographic name: Britain, Great
- General subdivision: Antiquities
670 ## - SOURCE DATA FOUND
- Source citation: Work cat.: (ARRUPE)0: Darlton, Ormonde Maddock (ed.) 44378, A guide to antiquities of the Stone Age :, 1926.